<?xml version="1.0" encoding="UTF-8"?>
<collection xmlns="http://www.loc.gov/MARC21/slim">
 <record>
  <leader>01474nam a2200205Ia 4500</leader>
  <controlfield tag="001">CTU_132145</controlfield>
  <controlfield tag="008">210402s9999    xx            000 0 und d</controlfield>
  <datafield tag="020" ind1=" " ind2=" ">
   <subfield code="c">53500</subfield>
  </datafield>
  <datafield tag="082" ind1=" " ind2=" ">
   <subfield code="a">546</subfield>
  </datafield>
  <datafield tag="082" ind1=" " ind2=" ">
   <subfield code="b">Đ450/Q.1</subfield>
  </datafield>
  <datafield tag="100" ind1=" " ind2=" ">
   <subfield code="a">Vũ, Đăng Độ</subfield>
  </datafield>
  <datafield tag="245" ind1=" " ind2="0">
   <subfield code="a">Hóa học vô cơ</subfield>
  </datafield>
  <datafield tag="245" ind1=" " ind2="0">
   <subfield code="c">Vũ Đăng Độ, Triệu Thị Nguyệt</subfield>
  </datafield>
  <datafield tag="260" ind1=" " ind2=" ">
   <subfield code="a">Hà Nội</subfield>
  </datafield>
  <datafield tag="260" ind1=" " ind2=" ">
   <subfield code="b">Giáo dục</subfield>
  </datafield>
  <datafield tag="260" ind1=" " ind2=" ">
   <subfield code="c">2007</subfield>
  </datafield>
  <datafield tag="520" ind1=" " ind2=" ">
   <subfield code="a">Nội dung sách gồm 3 phần: Phần 1/ đề cập chung của Hóa học Vô cơ như nguồn gốc các nguyên tố hoá học, những nét khái quát về sự phân bố các nguyên tố trên Trái Đất, những cơ sở của các phương pháp xác định cấu tạo phân tử của các chất, trong đó cái nền chung là lý thuyết về sự đối xứng của các phân tử, sau đó trình bày những cơ sở lý thuyết của một số phương pháp vật lý được sử dụng phổ biến trong hoá học vô cơ hiện đại. Phần 2/ Đề cập đến hoá học các nguyên tố s và p hay các nguyên tố nhóm A. Phần 3/ Đề cập đến hoá học các nguyên tố d (nhóm B) và f.</subfield>
  </datafield>
  <datafield tag="650" ind1=" " ind2=" ">
   <subfield code="a">Hóa vô cơ,Chemistry, organic</subfield>
  </datafield>
  <datafield tag="904" ind1=" " ind2=" ">
   <subfield code="i">Quang Hiếu</subfield>
  </datafield>
  <datafield tag="980" ind1=" " ind2=" ">
   <subfield code="a">Trung tâm Học liệu Trường Đại học Cần Thơ</subfield>
  </datafield>
 </record>
</collection>
